[Event "Calvia Amateur op 19th"]
[Site "Calvia"]
[Date "2022.10.10"]
[Round "3"]
[White "Marin Ferragut, Pau"]
[Black "Cleve Prinz, Wolfgang"]
[Result "1-0"]
[WhiteElo "2134"]
[BlackElo "1903"]
[PlyCount "106"]
[EventDate "2022.10.08"]
[EventType "swiss"]
[EventRounds "9"]
[EventCountry "ESP"]
[SourceTitle "CBM 210 Extra"]
[Source "ChessBase"]
[SourceDate "2022.11.30"]
[SourceVersion "1"]
[SourceVersionDate "2022.11.30"]
[SourceQuality "1"]

1. c4 e5 2. Nc3 Nf6 3. Nf3 Bc5 4. e3 Nc6 5. d4 exd4 6. exd4 Bb4 7. a3 Bxc3+ 8. bxc3 d5 9. Bg5 Qe7+ 10. Be2 dxc4 11. 0-0 Qd6 12. Bxc4 0-0 13. Bh4 Bf5 14. Bg3 Qd8 15. Bd3 Bxd3 16. Qxd3 Re8 17. Rab1 b6 18. Rfe1 Qd7 19. Ne5 Nxe5 20. Bxe5 Ng4 21. Bf4 Rxe1+ 22. Rxe1 Nf6 23. Re5 Re8 24. h3 Rxe5 25. Bxe5 Ne8 26. c4 f6 27. Bg3 c6 28. d5 g6 29. Qe4 cxd5 30. cxd5 Kf7 31. h4 h5 32. d6 Ng7 33. Qd5+ Ne6 34. a4 Kg7 35. a5 bxa5 36. Qxa5 Kf7 37. f3 Kg7 38. Qa6 Kf7 39. Bf2 Nd8 40. Bxa7 Qb7 41. Qc4+ Ne6 42. Bf2 Qd7 43. Qd5 Kg7 44. Be3 Nf8 45. Bc1 Qe6 46. Qd2 Kf7 47. Bb2 Qd7 48. Qf4 Qe6 49. Bc3 Nd7 50. Kf2 Qd5 51. Bb4 Qa2+ 52. Kg3 Qd5 53. Qe3 Nf8 1-0

[Event "Altenkirchen Seniors op 19th"]
[Site "Altenkirchen"]
[Date "2022.07.23"]
[Round "5"]
[White "Kurpiela, Franz"]
[Black "Cleve Prinz, Wolfgang"]
[Result "0-1"]
[WhiteElo "1782"]
[BlackElo "1883"]
[PlyCount "64"]
[EventDate "2022.07.19"]
[EventType "swiss"]
[EventRounds "9"]
[EventCountry "GER"]
[SourceTitle "CBM 209 Extra"]
[Source "ChessBase"]
[SourceDate "2022.09.30"]
[SourceVersion "1"]
[SourceVersionDate "2022.09.30"]
[SourceQuality "1"]

1. e4 g6 2. d4 Bg7 3. Nf3 d6 4. Nc3 a6 5. Bc4 e6 6. Bg5 Ne7 7. 0-0 b5 8. Bb3 Bb7 9. a3 Nd7 10. Qd2 c5 11. dxc5 dxc5 12. Rfe1 c4 13. Ba2 Nc5 14. Qe3 Qc7 15. Rad1 0-0 16. Bf4 e5 17. Bh6 Rad8 18. Bxg7 Kxg7 19. b4 Ne6 20. g3 f6 21. Rxd8 Rxd8 22. Rd1 Rxd1+ 23. Nxd1 Qd6 24. Qd2 Nd4 25. Nxd4 exd4 26. f3 Nc6 27. Qf4 Ne5 28. Nf2 Bc6 29. h4 h6 30. Ng4 g5 31. hxg5 hxg5 32. Qd2 Nxf3+ 0-1

[Event "Altenkirchen Seniors op 18th"]
[Site "Altenkirchen"]
[Date "2021.07.02"]
[Round "1"]
[White "Lachat, Martin"]
[Black "Cleve Prinz, Wolfgang"]
[Result "1/2-1/2"]
[WhiteElo "1548"]
[BlackElo "1911"]
[PlyCount "132"]
[EventDate "2021.07.02"]
[EventType "swiss"]
[EventRounds "9"]
[EventCountry "GER"]
[SourceTitle "CBM 203 Extra"]
[Source "ChessBase"]
[SourceDate "2021.09.30"]
[SourceVersion "1"]
[SourceVersionDate "2021.09.30"]
[SourceQuality "1"]

1. c4 e6 2. d4 Nf6 3. Nf3 Bb4+ 4. Bd2 c5 5. Bxb4 cxb4 6. e3 0-0 7. Be2 d5 8. 0-0 dxc4 9. Bxc4 b6 10. Nbd2 Bb7 11. Rc1 Nc6 12. Qe2 a6 13. Rfd1 Na5 14. Bd3 Nd5 15. Rc2 b3 16. Nxb3 Nxb3 17. axb3 Nb4 18. Rc3 Qe7 19. Nd2 b5 20. Be4 Rfd8 21. Bxb7 Qxb7 22. Nf3 Rac8 23. Ne5 Rxc3 24. bxc3 Nd5 25. Rc1 Nb6 26. Qf3 Qxf3 27. Nxf3 Kf8 28. Kf1 Ke7 29. Ne5 Rc8 30. Nd3 a5 31. Ke2 a4 32. bxa4 bxa4 33. Nc5 Kd6 34. Kd3 Kc6 35. Ra1 Ra8 36. c4 a3 37. Kc3 e5 38. Nd3 exd4+ 39. exd4 Ra4 40. Kb3 f6 41. d5+ Kc7 42. c5 Rd4 43. cxb6+ Kxb6 44. Kc3 Rxd5 45. Rxa3 Rg5 46. Nf4 Rf5 47. Nd3 Rh5 48. h3 Rg5 49. g3 Rh5 50. h4 g5 51. Ra4 Kc7 52. Rd4 f5 53. Ne5 f4 54. Kd3 fxg3 55. fxg3 gxh4 56. Rxh4 Rxe5 57. Rxh7+ Kd6 58. Rh1 Ke6 59. Rh6+ Kf7 60. Rh4 Kg6 61. g4 Re1 62. Kd2 Re8 63. Rh1 Kg5 64. Rg1 Re4 65. Kd3 Rxg4 66. Rxg4+ Kxg4 1/2-1/2

[Event "Bad Woerishofen Seniors op 36th"]
[Site "Bad Woerishofen"]
[Date "2020.03.07"]
[Round "2"]
[White "Cleve Prinz, Wolfgang"]
[Black "Wacker, Manfred"]
[Result "1-0"]
[WhiteElo "1948"]
[BlackElo "1706"]
[PlyCount "71"]
[EventDate "2020.03.05"]
[EventType "swiss"]
[EventRounds "9"]
[EventCountry "GER"]
[SourceTitle "CBM 195 Extra"]
[Source "ChessBase"]
[SourceDate "2020.05.31"]
[SourceVersion "1"]
[SourceVersionDate "2020.05.31"]
[SourceQuality "1"]

1. Nf3 Nf6 2. c4 c5 3. Nc3 e6 4. d4 cxd4 5. Nxd4 Nc6 6. g3 a6 7. Bg2 Bc5 8. Nc2 0-0 9. 0-0 Ra7 10. a3 b6 11. Na4 Bb7 12. Nxc5 bxc5 13. Be3 d6 14. b4 Nd4 15. Nxd4 Bxg2 16. Kxg2 cxd4 17. Bxd4 Rd7 18. Bxf6 Qxf6 19. Qa4 Ra7 20. Rac1 Qd4 21. Qc2 h5 22. Rfd1 Qb6 23. Qe4 Rd8 24. h4 Rad7 25. c5 dxc5 26. Rxd7 Rxd7 27. Rxc5 g6 28. Qc6 Qb7 29. Qxb7 Rxb7 30. Kf3 Kf8 31. Ke4 Ke7 32. Kd4 Kd6 33. e4 Rc7 34. e5+ Kd7 35. Rxc7+ Kxc7 36. Kc5 1-0

[Event "Oberliga Sued W 1920"]
[Site "Germany"]
[Date "2020.02.09"]
[Round "6.7"]
[White "Cleve Prinz, Wolfgang"]
[Black "Louis, Volker"]
[Result "0-1"]
[WhiteElo "1955"]
[BlackElo "2071"]
[PlyCount "126"]
[EventDate "2019.09.29"]
[EventType "team-tourn"]
[EventRounds "9"]
[EventCountry "GER"]
[SourceTitle "EXT 2021"]
[Source "ChessBase"]
[SourceDate "2020.10.23"]
[SourceVersion "1"]
[SourceVersionDate "2020.10.23"]
[SourceQuality "1"]

1. Nf3 g6 2. c4 Bg7 3. d4 f5 4. g3 Nf6 5. Bg2 d6 6. 0-0 0-0 7. Nc3 Nc6 8. d5 Ne5 9. Qb3 Nh5 10. Nxe5 dxe5 11. c5 Kh8 12. d6 exd6 13. cxd6 Qxd6 14. Rd1 Qe7 15. Be3 c6 16. Na4 Be6 17. Qc2 Qf7 18. Nc5 Bd5 19. Bxd5 cxd5 20. Qb3 b6 21. Nd3 Rac8 22. Rac1 Rc4 23. Nb4 f4 24. Nxd5 Rxc1 25. Bxc1 fxg3 26. f3 Qf5 27. Kg2 gxh2 28. Kxh2 Nf4 29. Nxf4 exf4 30. Rd5 Qf6 31. Qd3 Re8 32. Bd2 Qe7 33. Kg1 Bf6 34. Bc3 Bxc3 35. Qxc3+ Kg8 36. Rd2 Qe3+ 37. Qxe3 Rxe3 38. Kf2 Kf7 39. Rd7+ Re7 40. Rd6 h6 41. Rc6 h5 42. Rc4 g5 43. Rc6 Rd7 44. Rh6 h4 45. Rh7+ Ke6 46. Rh6+ Kf5 47. e4+ fxe3+ 48. Kxe3 Re7+ 49. Kf2 Rc7 50. Ke3 Rc2 51. Rh7 a6 52. b4 Rxa2 53. Rh6 b5 54. Rh8 Ra3+ 55. Kf2 Rb3 56. Rf8+ Ke5 57. Rg8 Rxb4 58. Rxg5+ Kf6 59. Rh5 a5 60. Ke3 a4 61. f4 h3 62. Rh8 Kg7 63. Rh4 a3 0-1

[Event "Oberliga Sued W 1920"]
[Site "Germany"]
[Date "2019.12.08"]
[Round "4.8"]
[White "Zha, Kevin"]
[Black "Cleve Prinz, Wolfgang"]
[Result "1-0"]
[WhiteElo "1945"]
[BlackElo "1966"]
[PlyCount "81"]
[EventDate "2019.09.29"]
[EventType "team-tourn"]
[EventRounds "9"]
[EventCountry "GER"]
[SourceTitle "EXT 2021"]
[Source "ChessBase"]
[SourceDate "2020.10.23"]
[SourceVersion "1"]
[SourceVersionDate "2020.10.23"]
[SourceQuality "1"]

1. e4 g6 2. d4 Bg7 3. Nc3 d6 4. f4 a6 5. Nf3 b5 6. a4 b4 7. Nd5 Bb7 8. Bc4 a5 9. Ne3 e6 10. d5 exd5 11. Nxd5 Ne7 12. 0-0 0-0 13. f5 Nxd5 14. Bxd5 c6 15. Bb3 gxf5 16. Ng5 d5 17. Rxf5 h6 18. Nh3 Qb6+ 19. Kh1 Bc8 20. Rh5 Qd4 21. Qxd4 Bxd4 22. exd5 cxd5 23. Bxh6 Rd8 24. Bxd5 Ra6 25. Rf1 Rf6 26. Rd1 Rxh6 27. Rxh6 Rxd5 28. c3 bxc3 29. bxc3 Kg7 30. Rh4 Bf6 31. Rxd5 Bxh4 32. Rxa5 Bxh3 33. gxh3 Be1 34. Rb5 Nd7 35. c4 Bf2 36. a5 Kf6 37. Kg2 Be3 38. Kf3 Bg1 39. a6 Ne5+ 40. Kg2 Be3 41. c5 1-0

[Event "RLP Seniors op 17th"]
[Site "Neustadt an der Weinstrasse"]
[Date "2019.07.24"]
[Round "5"]
[White "Schroeder, Klaus"]
[Black "Cleve Prinz, Wolfgang"]
[Result "1/2-1/2"]
[WhiteElo "1870"]
[BlackElo "1957"]
[PlyCount "127"]
[EventDate "2019.07.20"]
[EventType "swiss"]
[EventRounds "9"]
[EventCountry "GER"]
[SourceTitle "CBM 192 Extra"]
[Source "Chessbase"]
[SourceDate "2019.11.06"]
[SourceVersion "1"]
[SourceVersionDate "2019.11.06"]
[SourceQuality "1"]

1. d4 g6 2. e4 Bg7 3. Nc3 d6 4. f4 a6 5. a4 b6 6. Be3 Bb7 7. Qd2 Nf6 8. Bd3 Ng4 9. Nf3 Nxe3 10. Qxe3 Nd7 11. 0-0 c5 12. d5 Nf6 13. Qd2 0-0 14. Ne2 c4 15. Bxc4 Nxe4 16. Qe3 Nf6 17. Qd3 Qc7 18. Kh1 Rfc8 19. Bb3 Qc5 20. Nc3 a5 21. Rfe1 Ng4 22. Ne4 Qc7 23. h3 Nf6 24. Nxf6+ Bxf6 25. c3 Ba6 26. Qe4 b5 27. Nd4 Bxd4 28. Qxd4 bxa4 29. Bxa4 Rab8 30. Rab1 Qc4 31. Rxe7 Qxd4 32. cxd4 Bb5 33. Bd1 Bd3 34. Ra1 Rxb2 35. Bf3 Ra8 36. Ra3 Bc4 37. Rc7 Rb4 38. Re3 a4 39. Ree7 Rf8 40. Red7 a3 41. Kh2 a2 42. Ra7 Rb1 43. Rdc7 a1Q 44. Rxa1 Rxa1 45. Rxc4 Rd8 46. Kg3 Kg7 47. Rb4 h5 48. f5 Kf6 49. fxg6 fxg6 50. Rb3 Rda8 51. Re3 Rd8 52. Re6+ Kf7 53. Be4 Rg8 54. Rxd6 Rd1 55. Rd7+ Ke8 56. Rd6 Kf7 57. Rd7+ Kf6 58. Rd6+ Kf7 59. Rd7+ Kf8 60. Rd8+ Kg7 61. Rxg8+ Kxg8 62. Bxg6 Rxd4 63. Bxh5 Rxd5 64. Bf3 1/2-1/2

[Event "RLP Seniors op 17th"]
[Site "Neustadt an der Weinstrasse"]
[Date "2019.07.20"]
[Round "1"]
[White "Steiner, Peter Markus"]
[Black "Cleve Prinz, Wolfgang"]
[Result "0-1"]
[WhiteElo "1591"]
[BlackElo "1957"]
[PlyCount "132"]
[EventDate "2019.07.20"]
[EventType "swiss"]
[EventRounds "9"]
[EventCountry "GER"]
[SourceTitle "CBM 192 Extra"]
[Source "Chessbase"]
[SourceDate "2019.11.06"]
[SourceVersion "1"]
[SourceVersionDate "2019.11.06"]
[SourceQuality "1"]

1. b4 a5 2. b5 d5 3. Bb2 Nd7 4. Nf3 Ngf6 5. e3 Nb6 6. a4 g6 7. d3 Bg7 8. Be2 0-0 9. 0-0 c5 10. Nbd2 Re8 11. c4 dxc4 12. dxc4 Bf5 13. Qb3 Nbd7 14. Rad1 Qc7 15. h3 Rad8 16. Nb1 Bxb1 17. Rxb1 Ne4 18. Bxg7 Kxg7 19. Qb2+ Kg8 20. Rbd1 Qb6 21. Qc2 Qe6 22. Rd3 Nb6 23. Rdd1 Nd6 24. Rc1 Rd7 25. Rfd1 Red8 26. Nd2 Na8 27. Nb3 b6 28. Bf3 Ne8 29. Rxd7 Qxd7 30. Rd1 Qc7 31. Bc6 Nf6 32. Rd3 Qb8 33. Qd1 Rxd3 34. Qxd3 Nc7 35. Nd2 Nce8 36. e4 Nc7 37. Nf3 Ne6 38. g3 Nh5 39. e5 Nhg7 40. Qd5 Nf5 41. Bd7 Nfd4 42. Nxd4 Nxd4 43. Qe4 Qc7 44. Bc6 Qd8 45. Kg2 e6 46. h4 Nf5 47. Qe2 Qd4 48. Bf3 Qc3 49. Bc6 Nd4 50. Qa2 Qe1 51. f4 Ne2 52. Qb3 Qg1+ 53. Kh3 Nd4 54. Qd3 h5 55. Bf3 Qf2 56. Bg2 Qa2 57. Qe4 Qxc4 58. Qa8+ Kg7 59. Qd8 Nf5 60. Qf6+ Kg8 61. Qd8+ Kh7 62. Qf8 Qd3 63. Qxf7+ Ng7 64. Qf8 Qf5+ 65. Qxf5 Nxf5 66. Bf1 Ne3 0-1

[Event "Rheinland Pfalz op Seniors 16th"]
[Site "Neustadt an der Weinstrasse"]
[Date "2018.07.10"]
[Round "4"]
[White "Bellingrath, Jens"]
[Black "Cleve Prinz, Wolfgang"]
[Result "1-0"]
[WhiteElo "2070"]
[BlackElo "1999"]
[PlyCount "69"]
[EventDate "2018.07.07"]
[EventType "swiss"]
[EventRounds "9"]
[EventCountry "GER"]
[SourceTitle "EXT 2019"]
[Source "ChessBase"]
[SourceDate "2018.10.10"]
[SourceVersion "1"]
[SourceVersionDate "2018.10.10"]
[SourceQuality "1"]

1. e4 g6 2. d4 Bg7 3. Bc4 d6 4. Nf3 a6 5. c3 e6 6. Bb3 Ne7 7. 0-0 b6 8. Qe2 Bb7 9. Nbd2 Nd7 10. Re1 0-0 11. Nf1 c5 12. Ng3 cxd4 13. cxd4 h6 14. h4 Nc6 15. Be3 e5 16. dxe5 dxe5 17. h5 Kh7 18. Rad1 Qe7 19. hxg6+ fxg6 20. Ng5+ hxg5 21. Qg4 Nd4 22. Bxg5 Qxg5 23. Qxg5 Nc5 24. Qh4+ Bh6 25. Bd5 Bxd5 26. exd5 Rae8 27. b4 Rf4 28. Qxf4 Bxf4 29. Rxd4 Bxg3 30. bxc5 Bxf2+ 31. Kxf2 Rf8+ 32. Kg3 exd4 33. c6 d3 34. d6 d2 35. Rd1 1-0

[Event "Rheinland Pfalz op Seniors 16th"]
[Site "Neustadt an der Weinstrasse"]
[Date "2018.07.07"]
[Round "1"]
[White "Wenzel, Ralph"]
[Black "Cleve Prinz, Wolfgang"]
[Result "0-1"]
[WhiteElo "1694"]
[BlackElo "1999"]
[PlyCount "148"]
[EventDate "2018.07.07"]
[EventType "swiss"]
[EventRounds "9"]
[EventCountry "GER"]
[SourceTitle "EXT 2019"]
[Source "ChessBase"]
[SourceDate "2018.10.10"]
[SourceVersion "1"]
[SourceVersionDate "2018.10.10"]
[SourceQuality "1"]

1. e4 g6 2. d4 Bg7 3. Be3 d6 4. Nc3 a6 5. Qd2 b5 6. Be2 Bb7 7. Bf3 Nd7 8. Nh3 Nb6 9. b3 Nf6 10. Rd1 b4 11. Ne2 Bxe4 12. Bxe4 Nxe4 13. Qxb4 0-0 14. d5 Nf6 15. c4 a5 16. Qb5 a4 17. 0-0 axb3 18. axb3 Rb8 19. Bxb6 Rxb6 20. Qa4 Ne4 21. b4 Qc8 22. Qc2 Nf6 23. Nd4 Qd7 24. Nc6 e6 25. c5 dxc5 26. Ne5 Qc8 27. bxc5 Ra6 28. dxe6 Qxe6 29. Rfe1 Qa2 30. Qxa2 Rxa2 31. Nd7 Rfa8 32. Nxf6+ Bxf6 33. Rd7 Ra1 34. Kf1 Rxe1+ 35. Kxe1 Re8+ 36. Kd2 Re7 37. Rd3 Re5 38. Rf3 Kg7 39. Nf4 Rxc5 40. Rd3 Bg5 41. g3 Bxf4+ 42. gxf4 Kf6 43. Ke3 Ke6 44. Kf3 h5 45. h4 Kf5 46. Kg3 c6 47. Rd4 Rd5 48. Ra4 Ke6 49. Ra8 Rd3+ 50. f3 Rd2 51. Rc8 Rc2 52. Re8+ Kd7 53. Rf8 Ke7 54. Rc8 Rc5 55. Rc7+ Ke6 56. Rc8 Kd7 57. Rf8 Rf5 58. Ra8 Kc7 59. Ra4 Kb6 60. Kf2 Kb5 61. Re4 Kc5 62. Ke3 Kd6 63. Ra4 Rd5 64. Ra7 Ke6 65. Ra6 Rd6 66. Ra5 Rd5 67. Ra6 Rc5 68. Ra7 Rc1 69. Ra6 Kd5 70. Ra7 Ke6 71. Ra6 f6 72. Rb6 Kf5 73. Ra6 Rc3+ 74. Kd2 Rxf3 0-1

[Event "Arco op 38th"]
[Site "Arco"]
[Date "2016.10.14"]
[Round "7"]
[White "Cleve Prinz, Wolfgang"]
[Black "Lezzerini, Marco"]
[Result "0-1"]
[WhiteElo "1917"]
[BlackElo "2112"]
[PlyCount "48"]
[EventDate "2016.10.08"]
[EventType "swiss"]
[EventRounds "9"]
[EventCountry "ITA"]
[SourceTitle "EXT 2017"]
[Source "ChessBase"]
[SourceDate "2016.10.25"]
[SourceVersion "1"]
[SourceVersionDate "2016.10.25"]
[SourceQuality "1"]

1. Nf3 c5 2. c4 Nc6 3. b3 e5 4. Nc3 Nf6 5. d3 d5 6. cxd5 Nxd5 7. Bb2 Be7 8. g3 0-0 9. Bg2 Be6 10. 0-0 f6 11. Qd2 Qd7 12. Rac1 Nc7 13. Ne1 Bh3 14. Ne4 Bxg2 15. Nxg2 b6 16. f4 f5 17. Nf2 Bf6 18. fxe5 Nxe5 19. Nh3 Rae8 20. Qc2 Nd5 21. d4 Ng4 22. Qxf5 Qxf5 23. Rxf5 Bxd4+ 24. Bxd4 Rxf5 0-1

[Event "Arco op 38th"]
[Site "Arco"]
[Date "2016.10.09"]
[Round "2"]
[White "Astengo, Corrado"]
[Black "Cleve Prinz, Wolfgang"]
[Result "1-0"]
[WhiteElo "2126"]
[BlackElo "1917"]
[PlyCount "83"]
[EventDate "2016.10.08"]
[EventType "swiss"]
[EventRounds "9"]
[EventCountry "ITA"]
[SourceTitle "EXT 2017"]
[Source "ChessBase"]
[SourceDate "2016.10.25"]
[SourceVersion "1"]
[SourceVersionDate "2016.10.25"]
[SourceQuality "1"]

1. e4 g6 2. d4 Bg7 3. Nc3 a6 4. a4 d6 5. Be3 Nd7 6. Bc4 e6 7. Qd2 b6 8. Nge2 Bb7 9. Ng3 Ne7 10. Bh6 Bxh6 11. Qxh6 Ng8 12. Qe3 Ne7 13. Rd1 Nf6 14. Bb3 h5 15. h4 Qd7 16. 0-0 0-0 17. Qg5 Nh7 18. Nxh5 Nxg5 19. Nf6+ Kg7 20. Nxd7 Nh3+ 21. gxh3 Rfd8 22. Ne5 dxe5 23. dxe5 Bc6 24. Rxd8 Rxd8 25. Rd1 Rxd1+ 26. Nxd1 Bxe4 27. Ne3 Nf5 28. Nxf5+ Bxf5 29. Kh2 Kh6 30. c3 a5 31. Bc4 Be4 32. Kg3 Bc2 33. Bb5 Kh5 34. Be8 Kh6 35. Bxf7 Bxa4 36. Bxe6 Bc2 37. Bd7 Bd3 38. Kf4 b5 39. e6 Bf5 40. Ke5 Kg7 41. Bxb5 Bxh3 42. e7 1-0

[Event "Arco op 38th"]
[Site "Arco"]
[Date "2016.10.08"]
[Round "1"]
[White "Cleve Prinz, Wolfgang"]
[Black "Bruno, Fabio"]
[Result "1/2-1/2"]
[WhiteElo "1917"]
[BlackElo "2448"]
[PlyCount "68"]
[EventDate "2016.10.08"]
[EventType "swiss"]
[EventRounds "9"]
[EventCountry "ITA"]
[SourceTitle "EXT 2017"]
[Source "ChessBase"]
[SourceDate "2016.10.25"]
[SourceVersion "1"]
[SourceVersionDate "2016.10.25"]
[SourceQuality "1"]

1. Nf3 d5 2. c4 e6 3. b3 Nf6 4. Bb2 c5 5. cxd5 exd5 6. g3 Nc6 7. Bg2 d4 8. 0-0 Be7 9. e3 0-0 10. exd4 cxd4 11. Na3 a6 12. Nc4 Bg4 13. h3 Bh5 14. g4 Bg6 15. Nce5 Nxe5 16. Nxe5 Be4 17. Re1 Bxg2 18. Kxg2 Nd5 19. Re4 Bc5 20. Nd3 Ba7 21. Ba3 Re8 22. Rxe8+ Qxe8 23. Qf3 Qb5 24. Rc1 h6 25. Bc5 Qxd3 26. Qxd5 Qxd2 27. Rc4 Bxc5 28. Rxc5 Qf4 29. Qxb7 Rf8 30. Rf5 Qd6 31. Rd5 Qf4 32. Rf5 Qd6 33. Rd5 Qf4 34. Rf5 Qd6 1/2-1/2

[Event "Rheinland Pfalz op 5th"]
[Site "Worms"]
[Date "2013.05.31"]
[Round "3"]
[White "Cleve Prinz, Wolfgang"]
[Black "Yankelevich, Lev"]
[Result "0-1"]
[WhiteElo "1928"]
[BlackElo "2221"]
[PlyCount "62"]
[EventDate "2013.05.30"]
[EventType "swiss"]
[EventRounds "7"]
[EventCountry "GER"]
[SourceTitle "EXT 2014"]
[Source "ChessBase"]
[SourceDate "2013.11.20"]
[SourceVersion "1"]
[SourceVersionDate "2013.11.20"]
[SourceQuality "1"]

1. d4 Nf6 2. c4 g6 3. g3 Bg7 4. Bg2 d6 5. Nf3 0-0 6. 0-0 Nbd7 7. Nc3 e5 8. d5 a5 9. h3 Nc5 10. Ne1 Ne8 11. Nd3 f5 12. Nxc5 dxc5 13. Be3 Qd6 14. f3 Bd7 15. Qd2 b6 16. Bh6 Qe7 17. Bxg7 Kxg7 18. e3 Nd6 19. Qe2 Rae8 20. Rad1 Qg5 21. g4 h5 22. b3 fxg4 23. fxg4 hxg4 24. Ne4 Qh4 25. Rxf8 Rxf8 26. Rf1 Rxf1+ 27. Qxf1 gxh3 28. Nxd6 cxd6 29. Bf3 Qg3+ 30. Kh1 g5 31. Bh5 Bf5 0-1

[Event "Agueimes op 1st"]
[Site "Agueimes"]
[Date "2011.04.28"]
[Round "5"]
[White "Natalicchio Escalante, Nicolas"]
[Black "Cleve Prinz, Wolfgang"]
[Result "1-0"]
[WhiteElo "2201"]
[BlackElo "1867"]
[PlyCount "55"]
[EventDate "2011.04.24"]
[EventType "swiss"]
[EventRounds "5"]
[EventCountry "ESP"]
[SourceTitle "CBM 142 Extra"]
[Source "ChessBase"]
[SourceDate "2011.06.27"]
[SourceVersion "1"]
[SourceVersionDate "2011.06.27"]
[SourceQuality "1"]

1. d4 Nf6 2. c4 d6 3. Nc3 g6 4. e4 Bg7 5. f4 0-0 6. Nf3 c5 7. d5 e6 8. dxe6 fxe6 9. Bd3 Nc6 10. 0-0 e5 11. f5 gxf5 12. exf5 Nd4 13. Bg5 b5 14. Nxd4 cxd4 15. Nxb5 Bb7 16. Bxf6 Rxf6 17. Qe2 a6 18. Na3 Rh6 19. Rae1 Bf6 20. Nc2 a5 21. Be4 d5 22. cxd5 Bxd5 23. Qf3 Bxe4 24. Rxe4 Rc8 25. Ne1 Rh4 26. Rxh4 Bxh4 27. f6 Bxe1 28. Qg4+ 1-0